Охота на крыс: Роман

Detalhes bibliográficos
Autor principal: Соболев С. В. Сергей Викторович
Resumo:Исключено из фонда НТБ ТПУ
Idioma:russo
Publicado em: Москва, ЭКСМО-Пресс, 2001
Colecção:Черная кошка
Formato: MixedMaterials Livro
KOHA link:https://koha.lib.tpu.ru/cgi-bin/koha/opac-detail.pl?biblionumber=27729

MARC

LEADER 00000nam0a2200000 4500
001 27729
005 20231030202322.0
010 |a 5040069499 
035 |a (RuTPU)RU\TPU\book\27982 
035 |a BOOK00028057 
090 |a 27729 
100 |a 20011209d2001 m y0rusy50 ca 
101 0 |a rus 
102 |a RU 
105 |a y z 000ay 
200 1 |a Охота на крыс  |e Роман  |f С. В. Соболев 
210 |a Москва  |c ЭКСМО-Пресс  |d 2001 
215 |a 412 с. 
225 1 |a Черная кошка 
333 |a Исключено из фонда НТБ ТПУ 
675 |a Р2  |v 3 
700 1 |a Соболев  |b С. В.  |g Сергей Викторович 
801 0 |a RU  |b 63413507  |c 20011209  |g PSBO 
801 2 |a RU  |b 63413507  |c 20211217  |g PSBO 
942 |c BK